00738nam a2200181Ia 4500003000900000008004100009020001800050040001600068080001800084245019400102260002800296300001500324650003200339700002600371942000700397999001700404952013500421IN-BaIIA211028s9999 xx 000 0 eng d a0-333-65573-7 cIIA Library a058(100)bHUN 4aThe Statesman's year-book - a statistical, political and economic account of the states of the world for the year 1996-1cedited by B. Hunter  aLondonbMacmillanc1996 alix, 1698p aStatesman's Yearbook920848 aHunter,B., ed.920849 cBK c11989d11989 00104070aBANbBANcGENd1996-12-30eSSB g2954.70l0o058(100)/HUNp12905r2021-11-05v2954.70w1996-12-30yBKGRs. 2954.70